000 00461nam a2200181Ia 4500
001 560
005 20260306140526.0
008 260306t2016||||xx |||||||||||||| ||spa||
041 _aESP
082 _a128
_bB136
100 _aBeorlegui Rodríguez, Carlos
_eAUT
245 0 _aAntropología filosófica :
_bdimensiones de la realidad humana
260 _c2016
300 _a729 páginas :
_c22 cm.
650 _aGEN
654 _aCHU
942 _cLIB
_dJUS
_fJUS
_2ddc
_n
999 _c560
_d560